Top 3 najpopularniejszych piłkarzy z danego kraju #2 - Statystyki

Ogólne statystyki
  • Ten quiz został rozwiązany 522 razy
    404 od ostatniego zresetowania
  • Średni wynik to 8 z 24
Statystyki odpowiedzi
Kraj Piłkarz % Poprawnych

Portugalia

Cristiano Ronaldo
100%
Norwegia Erling Haaland
83%
Portugalia Eusebio
62%
Portugalia Luis Figo
61%

Algieria

Riyad Mahrez
56%
Włochy Gianluigi Buffon
55%
Włochy Paolo Maldini
55%
Norwegia Martin Odegaard
47%

Szwajcaria

Granit Xhaka
32%
Meksyk Hugo Sanchez
29%
Szwajcaria Xherdan Shaqiri
27%
Meksyk Guillermo Ochoa
26%
Japonia Hideoshi Nakata
24%

Włochy

Roberto Baggio
22%
Paragwaj Paulo da Silva
16%

Japonia

Shinji Kagawa
16%

Norwegia

Olle Gunnar Solskjaer
14%
Japonia Keisuke Honda
13%

Meksyk

Rafael Marquez
6%
Algieria Islam Slimani
5%
Paragwaj Jose Luis Chilavert
3%
Algieria Sofiane Feghouli
3%
Szwajcaria Alexander Frei
2%

Paragwaj

Roque Santa Cruz
2%
Nie znaleziono quizów pasujących do podanych kryteriów
Rozkład punktacji
Procent ludzi z każdym wynikiem
Percentyl według liczby udzielonych odpowiedzi
Twoja historia wyników
Nie rozwiązałeś tego quizu od ostatniego zresetowania